| 000 | nam a22 a 4500 | ||
|---|---|---|---|
| 999 |
_c59936 _d59936 |
||
| 003 | BLK | ||
| 005 | 20221109163858.0 | ||
| 008 | 180408b bul|||||r ||||||| ||bul|| | ||
| 010 | _aKNG00064063000 | ||
| 040 | _aBLK | ||
| 041 |
_aBUL _cBUL |
||
| 080 |
_aПодемно-транспортно оборудване в цялост. Вж и 621.87; 625.08; 625.1/.5; 625.5; 629.1; 658.286.2 _b621.86 _x(075.8) _z621.86(075.8) |
||
| 100 | 1 |
_aКоларов, Иван Г. _eпърви автор _9289426 |
|
| 139 |
_aКоларов, Иван Г. и др. _bК 77 |
||
| 245 | 1 | 0 |
_aРъководство за курсово проектиране на товароподемни машини _bЗа студентите от ВТУЗ _cИван Г. Коларов, Михаил Н. Проданов, Петко Д. Караиванов. |
| 257 | _aBGR | ||
| 260 |
_aСофия _bТехника _c1978 _fЯмбол : печ. Г. Димитров |
||
| 300 |
_a288 с. _bс черт., табл. _c22 см |
||
| 380 | _a62 | ||
| 500 | _aБиблиогр. с. 284-285 | ||
| 650 | 4 |
_aПодемно-транспортни машини - учебници за ВУЗ _9254335 |
|
| 653 | _aподемно-транспортни машини | ||
| 653 | _aучебници | ||
| 653 | _aпроектиране | ||
| 700 | 1 |
_aПроданов, Михаил Н. _eсъавт. _9289427 |
|
| 700 | 1 |
_aКараиванов, Петко Д. _eсъавт. _9289428 |
|
| 852 | _aЦб 92432 | ||
| 856 | 4 |
_qpdf _i0.00 _ldisable |
|
| 856 | 4 |
_qpdf _i0.00 _ldisable |
|
| 942 |
_cKNG _n0 _s1 |
||
| 944 |
_aCR _c13.06.2004 _kЧиталня |
||
| 944 |
_aED _c21.08.2015 _kВаля_Йорданова |
||
| 944 |
_aED _c2022-11-09 _kир |
||
| 999 | _d59936 | ||